Image processing using methods of artificial intelligence

Salvato in:
Dettagli Bibliografici
Autore principale: Langová, Julianna (Autore)
Altri autori: Jakab, Marek (Relatore della tesi)
Natura: Manoscritto Libro
Lingua:slovacco
inglese
Pubblicazione: 2023
Soggetti:
Accesso online:http://is.stuba.sk/zp/portal_zp.pl?podrobnosti=155046
Tags: Aggiungi Tag
Nessun Tag, puoi essere il primo ad aggiungerne!!

MARC

LEADER 00000ntm a22000003a 4500
001 stuzp92455
003 SK-STU
005 20230909213223.4
007 ta
008 150427s2015----xo-----f-mn---000-0-slo-d
040 |a STU  |b slo 
041 0 |a eng 
100 1 |a Langová, Julianna  |u 070400  |4 aut  |U FIIT Fakulta informatiky a informačných technológií  |T FIIT Ústav počítačového inžinierstva a aplikovanej informatiky  |X 103022  |U I400  |Y 672  |7 103022 
242 0 1 |a Spracovanie obrazu metódami umelej inteligencie  |y slo 
245 1 0 |a Image processing using methods of artificial intelligence 
260 |c 2023 
650 4 |a Neurónové siete  |2 slo 
650 4 |a U-net architektúra  |2 slo 
650 4 |a Ofarbovanie obrázkov  |2 slo 
650 4 |a Image colorization  |2 eng 
650 4 |a Neural networks  |2 eng 
650 4 |a U-net architecture  |2 eng 
700 1 |a Jakab, Marek  |u 070300  |k Z3  |4 ths  |U FIIT Fakulta informatiky a informačných technológií  |T FIIT Ústav aplikovanej informatiky  |X 5669  |U I300  |Y 180  |7 A000005669 
856 4 |u http://is.stuba.sk/zp/portal_zp.pl?podrobnosti=155046